000 00595nam a2200241Ia 4500
003 OSt
005 20221005130543.0
006 a|||||r|||| 00| 0
007 ta
008 221004b |||||||| |||| 00| 0 tam d
024 _a49843
037 _cTextual
040 _aCRL
_cCRL
_btam
041 _2tam
_atam
082 _aO31,3N25,23, L3
100 _aRajam Krishnan
_9592391
245 0 _aRoja idazhgal
260 _c1973
300 _a350p.
_ccm.
650 _aTAMIL LANGUAGE
942 _hO31,3N25,23, L3
_cTEXL
_2cc
999 _c1057635
_d1057635